[Event "HUN-chT 9798"]
[Site "Hungary"]
[Date "1997.??.??"]
[Round "?"]
[White "Gazik, Igor"]
[Black "Lakos, Nikoletta"]
[Result "1-0"]
[WhiteElo "2370"]
[BlackElo "2380"]

1.e4 g6 2.d4 Bg7 3.Nc3 d6 4.Be3 a6 5.a4 b6 6.Qd2 c6 7.Nf3 Bb7 8.h4 h5 9.Bd3 Nd7
10.O-O Nh6 11.e5 dxe5 12.dxe5 Nf8 13.a5 b5 14.Bb6 Qc8 15.Ne4 Ne6 16.Nc5 Ng4
17.Rfe1 O-O 18.Rad1 Bh6 19.Qb4 Nf4 20.Be4 Nd5 21.Bxd5 cxd5 22.e6 Bc6 23.Rd3 Bg7
24.exf7+ Rxf7 25.Ne6 Bf6 26.Nfg5 Ne5 27.Rxe5 Bxe5 28.Nxf7 Kxf7 29.Ng5+ Ke8
30.Re3 Bf6 31.Bd4 Qg4 32.Qc5 Qd1+ 33.Kh2 Qxd4 34.Qxc6+ Kf8 35.Ne6+ Kf7 36.Nxd4  1-0

[Event "HUN-chT 9798"]
[Site "Hungary"]
[Date "1997.??.??"]
[Round "?"]
[White "Szalanczy, Emil"]
[Black "Petran, Peter"]
[Result "0-1"]
[WhiteElo "2410"]
[BlackElo "2320"]

1.e4 g6 2.d4 Bg7 3.Nc3 d6 4.Be3 c6 5.Qd2 b5 6.Bd3 Nd7 7.Nf3 Bb7 8.Ne2 a6
9.c3 e5 10.Ng3 Qe7 11.O-O c5 12.d5 c4 13.Bc2 Qd8 14.b3 cxb3 15.axb3 Qc7 16.c4 bxc4
17.bxc4 Ngf6 18.c5 dxc5 19.d6 Qc8 20.Bh6 O-O 21.Bxg7 Kxg7 22.Qg5 Qe8 23.Nf5+ Kh8
24.Ne7 Bxe4 25.Ba4 Bxf3 26.gxf3 Qb8 27.Bc6 Qxd6 28.Rfd1 Qxe7 29.Rxd7 Qe6
30.Bxa8 Nxd7 31.Bb7 Qb6 32.Bxa6 Ra8 33.Rd1 Rxa6 34.Rxd7 Qf6 35.Qe3 Rc6 36.Rd5 c4
37.Qc3 g5 38.Kf1 Kg7 39.Ke2  0-1

[Event "HUN-chT 9798"]
[Site "Hungary"]
[Date "1997.??.??"]
[Round "?"]
[White "Sapi, Laszlo"]
[Black "Soponyai, Tamas"]
[Result "1/2-1/2"]
[WhiteElo "2280"]
[BlackElo "2150"]

1.d4 g6 2.e4 Bg7 3.Nc3 d6 4.Be3 c6 5.Qd2 b5 6.a3 Nd7 7.Nf3 Bb7 8.Bd3 a6 9.O-O c5
10.Rfe1 Rc8 11.a4 b4 12.Nd1 a5 13.c3 c4 14.Bb1 b3 15.Bg5 Nb6 16.d5  1/2-1/2

[Event "ISL-chT"]
[Site "Iceland"]
[Date "1997.??.??"]
[Round "?"]
[White "Thorhallsson, Throstur"]
[Black "Bjornsson, Sigurbjorn"]
[Result "1-0"]
[WhiteElo "2500"]
[BlackElo "2195"]

1.e4 d6 2.d4 g6 3.Nc3 Bg7 4.Bg5 c6 5.Bc4 Nf6 6.Nf3 b5 7.Bd3 Bg4 8.h3 Bxf3
9.Qxf3 Qa5 10.Bd2 O-O 11.O-O Nbd7 12.Rfe1 e5 13.dxe5 Nxe5 14.Qe3 Qc7 15.Rad1 Rfe8
16.f4 Nc4 17.Bxc4 bxc4 18.Bc1 Nxe4 19.Nxe4 f5 20.Qa3 fxe4 21.Qxd6 Qxd6 22.Rxd6 c3
23.b3 Rad8 24.Rxe4 Rxe4 25.Rxd8+ Kf7 26.Kf1 Ke7 27.Rd1 Ke6 28.Kf2 Bd4+ 29.Kf3 Kd5
30.g4 c5 31.g5 Re8 32.h4 Re7 33.Rh1 Re8 34.f5 gxf5 35.Bf4 Re7 36.h5 Rg7 37.Re1 Rb7
38.Re8 Rd7 39.Be3 Rf7 40.Rd8+ Ke5 41.Bf4+ Ke6 42.Rd6+ Ke7 43.b4 Ke8 44.bxc5 Bxc5
45.Rc6 Bb4 46.Be5 Rd7 47.g6 hxg6 48.hxg6 Bf8 49.Bf6 Rd6 50.Rc8+  1-0

[Event "Isle of Man op"]
[Site "Isle of Man"]
[Date "1997.??.??"]
[Round "8"]
[White "Sindik, Ervin"]
[Black "Maggs, Steven"]
[Result "1-0"]
[WhiteElo "2355"]
[BlackElo "2085"]

1.e4 g6 2.d4 Bg7 3.Nc3 d6 4.f4 Nd7 5.Be3 e5 6.dxe5 dxe5 7.f5 Ngf6 8.g4 h6
9.g5 hxg5 10.Bxg5 c6 11.Qf3 Qe7 12.O-O-O Nc5 13.Nge2 a5 14.Ng3 b6 15.h4 Bd7
16.h5 Bh6 17.Bxh6 Rxh6 18.hxg6 Rxh1 19.Qxh1 fxg6 20.fxg6 O-O-O 21.Nf5 Bxf5
22.Rxd8+ Kxd8 23.exf5 Kc7 24.Bc4 Qg7 25.b3 e4 26.Qh2+ Kb7 27.Qe5 Ncd7 28.Qd4 Qe7
29.Qe3 b5 30.Bf7 b4 31.Ne2 c5 32.Be6 Nf8 33.Bc4 N8d7 34.Qg5 Qe5 35.g7 Qa1+
36.Kd2 Ne5 37.g8=Q Nf3+ 38.Ke3  1-0

[Event "World Cities"]
[Site "Jakarta "]
[Date "1997.??.??"]
[Round "1"]
[White "Foo Hsiang Ming"]
[Black "Gausel, Einar"]
[Result "0-1"]
[WhiteElo "2190"]
[BlackElo "2540"]

1.e4 g6 2.d4 Bg7 3.Nc3 d6 4.Be3 a6 5.Qd2 b5 6.Nf3 Bb7 7.a3 Nd7 8.Bd3 c5 9.d5 Ngf6
10.Bh6 Bxh6 11.Qxh6 c4 12.Be2 Qb6 13.O-O a5 14.Ng5 Ne5 15.Kh1 b4 16.Na4 Qa7
17.h3 Rc8 18.f4 Ned7 19.Qg7 Rf8 20.Nxh7 Nxh7 21.Qxh7 Nf6 22.Qh4 Nxe4 23.Rae1 Bxd5
24.Bf3 f5 25.Kh2 Kd7 26.Qh7 Rf6 27.axb4 axb4 28.Ra1 Qb8 29.Rfd1 Bc6 30.Qh4 Rc7
31.Bxe4 fxe4 32.Qf2 Ke6 33.c3 Kf7 34.Qd4 Re6 35.Rd2 d5 36.g3 Ra7 37.cxb4 Ra6
38.b3 cxb3 39.b5 Qxb5 40.Qh8 Rxa4 41.Qh7+ Kf6  0-1

[Event "World Cities"]
[Site "Jakarta "]
[Date "1997.??.??"]
[Round "10"]
[White "Zaw Winlay"]
[Black "Sitanggang, Salor"]
[Result "1/2-1/2"]
[WhiteElo "2230"]
[BlackElo "2410"]

1.e4 g6 2.d4 Bg7 3.Nc3 d6 4.f4 Nf6 5.Nf3 O-O 6.Bd3 Nc6 7.e5 dxe5 8.dxe5 Nd5
9.Nxd5 Qxd5 10.Qe2 Bg4 11.Be4 Qa5+ 12.Bd2 Qb6 13.O-O-O Nd4 14.Qc4 c5 15.Be3 Rac8
16.Bxd4 cxd4 17.Qb3 Bh6 18.g3 Qc5 19.Kb1 Rfd8 20.Rd2 Rc7 21.Rhd1 Rcd7 22.Rd3 b5
23.Qa3 b4 24.Qa4 Rc8 25.h3 Be6 26.Nxd4 Bxh3 27.Qb5 Bg4 28.Qxc5 Rxc5 29.Nb3 Rxd3
30.Rxd3 Rc4 31.Rd8+ Bf8 32.Bd3 Rc8 33.Rd4 e6 34.Rd7 a5 35.Nxa5 Bf3 36.Nb3 h5
37.Nd4 Bd5 38.f5 gxf5 39.Nxf5 Ra8 40.Nd6 Bxa2+ 41.Kc1 Bh6+ 42.Kd1 Bg5 43.Rxf7  1/2-1/2

[Event "Joensuu We JoeSK"]
[Site "Joensuu"]
[Date "1997.??.??"]
[Round "5"]
[White "Kiik, Kalle"]
[Black "Jouhki, Yrjo Markus"]
[Result "1-0"]
[WhiteElo "2380"]
[BlackElo "2265"]

1.e4 g6 2.d4 Bg7 3.Nc3 d6 4.f4 c6 5.Nf3 Bg4 6.Be3 d5 7.e5 e6 8.h3 Bxf3 9.Qxf3 h5
10.g3 Nh6 11.O-O-O Nf5 12.Bf2 Bf8 13.g4 Nh4 14.Qg3 Be7 15.Bd3 Nd7 16.Kb1 Qc7
17.f5 g5 18.f6 Bf8 19.Qe3 Rg8 20.Bxh4 gxh4 21.g5 a6 22.g6 fxg6 23.f7+ Kxf7
24.Qg5 Rg7 25.Rdf1+ Kg8 26.Bxg6 Nb6 27.Rf6 Bb4 28.Ne2 Nc4 29.c3 Be7 30.Rg1 Ba3
31.Qxh5 Qb6 32.Bh7+  1-0

[Event "Juvenil op"]
[Site "?"]
[Date "1997.??.??"]
[Round "1"]
[White "Sirvent, D."]
[Black "Pi, Albert"]
[Result "0-1"]
[WhiteElo "2060"]
[BlackElo "2175"]

1.e4 g6 2.d4 Bg7 3.Nc3 d6 4.f4 Nf6 5.Nf3 O-O 6.Be3 c5 7.dxc5 Qa5 8.Bd3 dxc5
9.O-O Ng4 10.Bd2 c4 11.Be2 Qc5+ 12.Kh1 Nc6 13.Qe1 b5 14.Nd1 Qb6 15.c3 Rd8
16.h3 Nf6 17.Be3 Qc7 18.Nd2 Bb7 19.Qf2 Rxd2 20.Bxd2 Nxe4 21.Qe3 Nd8 22.Nf2 Nd6
23.Ng4 h5 24.Ne5 Nf5 25.Qf2 h4 26.Rfe1 Ng3+ 27.Kg1 Ne4 28.Qe3 Ne6 29.Rad1 Bh6
30.Rf1 Rd8 31.Ng4 Bg7 32.f5 Nd4 33.fxg6 fxg6 34.Be1 Nf5 35.Qxa7 Ra8 36.Qxa8+ Bxa8
37.Bf3 b4 38.cxb4 Bxb2  0-1

[Event "Juvenil op"]
[Site "?"]
[Date "1997.??.??"]
[Round "1"]
[White "Duran Albareda, Xavier"]
[Black "Viladrich Claret, Jordi"]
[Result "1-0"]
[WhiteElo "2135"]
[BlackElo "2065"]

1.e4 g6 2.d4 Bg7 3.Nc3 d6 4.f4 Nd7 5.Nf3 Nb6 6.Bd3 Nf6 7.O-O O-O 8.Kh1 Nh5
9.Qe1 Bg4 10.Be3 Qc8 11.Qh4 Bf6 12.Qf2 c5 13.dxc5 dxc5 14.e5 Bg7 15.h3 Bxh3
16.gxh3 Qxh3+ 17.Qh2 Ng3+ 18.Kg1 Qxh2+ 19.Kxh2 Nxf1+ 20.Rxf1 c4 21.Be4 Rab8
22.Nb5 a6 23.Na3 Na4 24.Nxc4 b5 25.Na5 Nxb2 26.Nc6 Rb7 27.Bc5 Re8 28.Nb4 Rbb8
29.Nxa6 Na4 30.Bd4 Rbc8 31.Rb1 Nc3 32.Bxc3 Rxc3 33.Rxb5 Re3 34.Nc5 Rc8 35.Bb7 Rb8
36.Kg3 Ra3 37.Na6 Rxb7 38.Rxb7 Rxa6 39.Rxe7 Rxa2 40.Rc7 Kf8 41.Ng5 Ra3+ 42.c3 h6
43.Nxf7 g5 44.f5 Ra6 45.Kg4 Ra1 46.Kh5 Re1 47.Kg6 Bxe5 48.Nxe5 Rxe5 49.f6  1-0

[Event "Juvenil op"]
[Site "?"]
[Date "1997.??.??"]
[Round "3"]
[White "Garcia, J."]
[Black "Viladrich Claret, Jordi"]
[Result "1/2-1/2"]
[WhiteElo "2140"]
[BlackElo "2065"]

1.e4 g6 2.d4 Bg7 3.Nc3 d6 4.Be3 Nf6 5.f3 O-O 6.Qd2 e5 7.Nge2 exd4 8.Nxd4 Nc6
9.Bc4 a6 10.O-O-O Ne5 11.Be2 b5 12.g4 c5 13.Nb3 c4 14.Nc5 Bxg4 15.Qxd6 Qxd6
16.Rxd6 Bxf3 17.Bxf3 Nxf3 18.Rf1 Nxh2 19.Rfxf6 Bxf6 20.Rxf6 Ng4 21.Rf3 Nxe3
22.Rxe3 b4 23.Nd5 a5 24.Nb6 Ra7 25.Ncd7 Rd8 26.Nf6+ Kg7 27.Nfd5 Ra6 28.Nxc4 f5
29.Ncb6 f4 30.Re1 g5 31.e5 f3 32.e6 f2 33.Rf1 Rxd5 34.Nxd5 Rxe6 35.Rxf2 h5
36.Kd2 Kg6 37.c4 bxc3+ 38.bxc3 Rd6 39.c4 g4 40.Ke3 Kg5 41.Kd4 g3 42.Rf8 Rg6
43.Ne3 h4 44.Ke4 h3 45.Kf3 g2 46.Kf2 Kh6 47.Nxg2 Rxg2+ 48.Kf1 Kg7 49.Rf3  1/2-1/2

[Event "Keres mem rapid"]
[Site "Kalev"]
[Date "1997.??.??"]
[Round "6"]
[White "Kiik, Kalle"]
[Black "Ehlvest, Jaan"]
[Result "0-1"]
[WhiteElo "2380"]
[BlackElo "2635"]

1.e4 g6 2.d4 Bg7 3.Nc3 d6 4.g3 c6 5.Bg2 b5 6.a3 Bb7 7.Nge2 Nd7 8.Be3 Ngf6
9.h3 O-O 10.O-O e5 11.Qd2 a6 12.dxe5 dxe5 13.Rad1 Re8 14.f4 Qc7 15.f5 Nb6
16.b3 Rad8 17.Qc1 c5 18.Rxd8 Rxd8 19.Bg5 Rd6 20.Bxf6 Bxf6 21.Nd1 Qd8 22.Nf2 Bg5
23.Qb2 Rd2 24.Bf3 Nd7 25.h4 Be3 26.Qc3 Bxf2+ 27.Rxf2 Rd6 28.fxg6 hxg6 29.Nc1 Qe7
30.Nd3 Rd4 31.Bg2 Bxe4 32.Bxe4 Rxe4 33.b4 c4 34.Nc5 Nxc5 35.bxc5 Qxc5 36.Qf3 Re1+
37.Kg2 Qe7 38.h5 gxh5 39.Qxh5 Re4 40.Rd2 Rd4 41.Re2 Qf6 42.Rf2 Qc6+ 43.Kh2 Qe6
44.Rf5 Rd2+ 45.Kh3 Kf8 46.g4 Rd5 47.Qh8+ Ke7 48.Rg5 e4 49.Rxd5 Qxd5 50.Qb8 Qe6
51.Qa7+ Kf8 52.Qe3 Qf6 53.Kg3 Qe5+ 54.Kh4 Kg7 55.Kh3 a5 56.Kh4 b4 57.Kh3 c3
58.axb4 axb4 59.Kh4 Qh2+ 60.Kg5 Qh6+  0-1

[Event "Klatovy op-A"]
[Site "Klatovy"]
[Date "1997.??.??"]
[Round "?"]
[White "Kalikova, Jana"]
[Black "Lechtynsky, Jiri"]
[Result "0-1"]
[WhiteElo "2125"]
[BlackElo "2430"]

1.e4 g6 2.d4 Bg7 3.Nc3 d6 4.Nf3 Nf6 5.h3 O-O 6.Be2 c5 7.O-O cxd4 8.Nxd4 Nc6
9.Be3 Bd7 10.Nb3 a6 11.f4 Rc8 12.a4 Be6 13.a5 Bxb3 14.cxb3 Nxa5 15.e5 Ne8
16.Na4 dxe5 17.Nb6 exf4 18.Nxc8 Qxc8 19.Rxf4 Qc7 20.Qd5 Nc6 21.Rc1 Nf6 22.Qc5 Rd8
23.Bf3 Rd6 24.Rd4 Nd7 25.Qc3 Qd8 26.Bxc6 Bxd4 27.Bxd4 Rxc6 28.Qd2 Rxc1+ 29.Qxc1 Nf6
30.Qf4 h5 31.Qe3 Kf8 32.Bc5 Ke8 33.Bd4 Qd6 34.Bxf6 Qxf6 35.Qa7 Qc6 36.Qd4 f6
37.Qd3 Kf7 38.Qe3 e5 39.Qh6 Qe4 40.Qh7+ Ke6 41.Qg8+ Kf5 42.Qc8+ Kf4 43.Kh2 Qc6  0-1

[Event "Klatovy op-A"]
[Site "Klatovy"]
[Date "1997.??.??"]
[Round "?"]
[White "Herejk, Petr"]
[Black "Prokop, Jacek"]
[Result "1-0"]
[WhiteElo "2135"]
[BlackElo "1855"]

1.e4 g6 2.d4 Bg7 3.Nc3 d6 4.f4 Nf6 5.Nf3 c5 6.Bb5+ Bd7 7.e5 Ng4 8.Bxd7+ Nxd7
9.e6 fxe6 10.Ng5 Ngf6 11.Nxe6 Qa5 12.f5 cxd4 13.Qxd4 Rg8 14.fxg6 hxg6 15.O-O Nh5
16.Qc4 Nb6 17.Qe4 Be5 18.Nc7+ Kd8 19.Nxa8 Nxa8 20.Nd5 Nc7 21.Nf4 Nf6 22.Qe2 Rh8
23.g3 Rg8 24.Nd3 Bd4+ 25.Be3 Bxe3+ 26.Qxe3 Qh5 27.Qf3 Qh6 28.Rae1 Rh8 29.Re2 Qh7
30.Qxb7 Ng4 31.Qg2 Qg7 32.Qe4 Nf6 33.Qf3 g5 34.Nb4 g4 35.Qf5  1-0

[Event "Klatovy op-A"]
[Site "Klatovy"]
[Date "1997.??.??"]
[Round "?"]
[White "Duran, Tomas"]
[Black "Novak, Vladislav"]
[Result "1-0"]
[WhiteElo "2130"]
[BlackElo "1970"]

1.e4 g6 2.d4 Bg7 3.Nc3 d6 4.Be3 c6 5.a4 Nd7 6.Bc4 Ngf6 7.f3 O-O 8.Qd2 e5
9.Nge2 Qa5 10.d5 Nb6 11.Ba2 cxd5 12.b4 Qxb4 13.Rb1 Qa5 14.Rb5 Qa6 15.Bxb6 axb6
16.Bxd5 Bd7 17.Rb1 Rfd8 18.Qe3 Nxd5 19.exd5 Qa5 20.Rxb6 Bh6 21.Qf2 Rdc8 22.O-O Rxc3
23.Nxc3 Qxc3 24.Rb3 Qc5 25.Qxc5 dxc5 26.Re1 Bg7 27.Rxb7 Bxa4 28.c3 Bc2 29.Rc7 e4
30.Rxc5 exf3 31.gxf3 Bf5 32.Rc7 g5 33.Ree7 Bg6 34.d6 Rd8 35.d7 Bf6 36.Re8+ Kg7
37.Rxd8 Bxd8 38.Rc8 Bb6+ 39.Kg2 Bf5 40.d8=Q Bxd8 41.Rxd8 Kf6 42.c4 Ke7 43.Rd4 Bd7
44.Kf2 Kd8 45.Rd5 h6 46.Rd6 h5 47.Rh6 h4 48.f4 g4 49.Rxh4 Be6 50.c5 Kc7 51.Ke3 Kc6
52.Kd4 Kb5 53.Rh6  1-0

[Event "Klatovy op-B"]
[Site "Klatovy"]
[Date "1997.??.??"]
[Round "?"]
[White "Mezera, Lukas"]
[Black "Polomis, Z."]
[Result "1-0"]
[WhiteElo "1795"]
[BlackElo "1750"]

1.e4 g6 2.d4 Bg7 3.Nc3 d6 4.Nf3 Nd7 5.Be3 Ngf6 6.h3 b6 7.Bd3 Bb7 8.Qd2 e5
9.d5 Nc5 10.Bxc5 bxc5 11.Bb5+ Nd7 12.O-O O-O 13.Rad1 Rb8 14.Bxd7 Qxd7 15.Qd3 Bc8
16.b3 f5 17.Ng5 Qe7 18.Nf3 Bh6 19.Nh2 fxe4 20.Nxe4 Bf5 21.Qe2 a5 22.Ng3 Bd7
23.Ng4 Bf4 24.Rd3 a4 25.Qd1 axb3 26.axb3 c4 27.bxc4 Rb4 28.Rc3 Rfb8 29.Rb3 h5
30.Nh2 Ba4 31.Rxb4 Rxb4 32.Qd3 Kg7 33.Qa3 Rxc4 34.Qa2 Qd7 35.Qxc4 Bb5 36.Qe4 Bxf1
37.Nhxf1 Qe7 38.Ne2 Bh6 39.Nd4 Kh7 40.Ne6 c5 41.Ng3  1-0

[Event "Koge op"]
[Site "Koge"]
[Date "1997.??.??"]
[Round "7"]
[White "Sokolov, Ivan"]
[Black "Hillarp Persson, Tiger"]
[Result "0-1"]
[WhiteElo "2635"]
[BlackElo "2445"]

1.d4 g6 2.e4 Bg7 3.Nc3 d6 4.Be3 a6 5.Qd2 Nd7 6.h4 h5 7.Nh3 b5 8.Ng5 Bb7 9.a4 c6
10.Rd1 Qc7 11.f4 Nh6 12.Be2 Nf6 13.Bf3 Nfg4 14.O-O d5 15.exd5 Nf5 16.Bf2 Rd8
17.dxc6 Rxd4 18.Nd5 Qxc6 19.Qa5 Qd6 20.Ne4 Qxd5 21.Nf6+ Bxf6 22.Bxd5 Nxf2
23.Bxb7 Nxd1 24.axb5 O-O 25.c3 Nde3 26.bxa6 Rd7 27.Bc6 Rd2 28.Rb1 Bxh4 29.Bf3 Bf2+
30.Kh1 Ng4 31.Bxg4 hxg4 32.c4 Kg7 33.Qe5+ f6  0-1

[Event "RUS-chJM op"]
[Site "Kolontaevo"]
[Date "1997.??.??"]
[Round "?"]
[White "Konotop, Sergei"]
[Black "Zudov, Oleg"]
[Result "1-0"]
[WhiteElo "2185"]
[BlackElo "2235"]

1.e4 g6 2.d4 Bg7 3.Nc3 d6 4.Bg5 Nf6 5.e5 Nfd7 6.exd6 cxd6 7.Qd2 O-O 8.O-O-O Re8
9.h4 Nf6 10.h5 Nxh5 11.Bh6 e6 12.g4 Nf6 13.Bxg7 Kxg7 14.Qh6+ Kg8 15.g5 Nh5
16.Be2 f5 17.Bxh5 gxh5 18.g6 Re7 19.Nf3 Rg7 20.gxh7+ Kh8 21.Rdg1 Rxh7 22.Qxh7+  1-0

[Event "Komarno op"]
[Site "Komarno"]
[Date "1997.??.??"]
[Round "?"]
[White "Bokros, Albert"]
[Black "Petran, Peter"]
[Result "1/2-1/2"]
[WhiteElo "2260"]
[BlackElo "2320"]

1.e4 g6 2.d4 Bg7 3.Nc3 d6 4.f4 a6 5.Nf3 b5 6.Bd3 Nd7 7.O-O c5 8.dxc5 Nxc5
9.Qe2 Bb7 10.a3 Rc8 11.Be3 Nf6 12.Bf2 O-O 13.Rad1 Ne6 14.Be3 Rxc3 15.bxc3 Nxe4
16.Bxe4 Bxe4 17.c4 bxc4 18.Qxc4 Qa8 19.Qe2 Rc8 20.c4 Bxf3 21.Qxf3 Qxf3 22.Rxf3 Rxc4
23.Rc1 Ra4 24.Rc8+ Nf8 25.Re8 Rxa3 26.Rxe7 Bf6 27.Re8 Kg7 28.h4 Ne6 29.f5 Ra1+
30.Kh2 Be5+ 31.g3 Nc7 32.Rd8 Nd5 33.fxg6 hxg6 34.Bg5 Rd1 35.Rd7 Nf6 36.Ra7 Bd4
37.Bxf6+ Bxf6 38.Rxa6 Bd4 39.Rc6 f5 40.h5 Be5 41.Rc8 gxh5 42.Rxf5 h4 43.Rxe5 hxg3+
44.Kxg3 dxe5 45.Rc6 Kf7 46.Kf3 Rd4 47.Ke3 Ke7 48.Ra6  1/2-1/2

[Event "Komarno op"]
[Site "Komarno"]
[Date "1997.??.??"]
[Round "?"]
[White "Mirumian, Vigen"]
[Black "Petran, Peter"]
[Result "1-0"]
[WhiteElo "2425"]
[BlackElo "2320"]

1.e4 g6 2.d4 Bg7 3.Nc3 d6 4.Be3 c6 5.Qd2 b5 6.O-O-O Nd7 7.Kb1 Nb6 8.Bd3 a5
9.f3 Qc7 10.g4 Ba6 11.h4 h5 12.g5 e5 13.dxe5 dxe5 14.f4 Ne7 15.f5 Nec8 16.Nf3 Nd7
17.Qh2 Ncb6 18.f6 Bf8 19.Bxb6 Nxb6 20.Qxe5+ Qxe5 21.Nxe5 Rc8 22.Nxg6 fxg6
23.e5 Kf7 24.Rhe1 Re8 25.e6+ Rxe6 26.Bxg6+ Kxg6 27.Rxe6 Bc5 28.Rxc6 Rc8 29.Rxc8 Bxc8
30.Ne4 Be3 31.Rd3 Bg1 32.Rd8 Be6 33.Rh8 Nd5 34.Rh6+ Kf5 35.f7 Bxf7 36.Nd6+ Kg4
37.Nxf7 Kxh4 38.Rd6 Ne7 39.g6 Nf5 40.Rd5 Ng7 41.Nh6  1-0

[Event "Cassovia op"]
[Site "Kosice"]
[Date "1997.??.??"]
[Round "?"]
[White "Krajnak, Martin"]
[Black "Okhotnik, Vladimir"]
[Result "1-0"]
[WhiteElo "2275"]
[BlackElo "2410"]

1.Nc3 g6 2.d4 Bg7 3.e4 d6 4.Bc4 c6 5.Qf3 Nf6 6.e5 dxe5 7.dxe5 Nd5 8.Nxd5 cxd5
9.Qxd5 Qxd5 10.Bxd5 Bxe5 11.Nf3 Bg7 12.c3 Nc6 13.Bf4 e6 14.Be4 Bd7 15.O-O-O O-O-O
16.Rhe1 f6 17.Bxc6 bxc6 18.Be3 a6 19.Nd4 e5 20.Nb3 Be6 21.Nc5 Bd5 22.f3 a5
23.b3 Bf7 24.Na4 f5 25.Bb6 Rxd1+ 26.Kxd1 g5 27.Bxa5 h5 28.Ke2 g4 29.Rd1 gxf3+
30.gxf3 Rg8 31.Rd6 e4 32.Rxc6+ Kb8 33.Rd6 Be5 34.Rd8+ Rxd8 35.Bxd8 exf3+
36.Kxf3 Bd5+ 37.Kf2 Bxh2 38.c4 Bc6 39.Nb6 Be4 40.Nd5 Bb1 41.Nc3 Bc2 42.Bf6 Bd6
43.Nb5 Bc5+ 44.Kg3 Kc8 45.Kh4 f4 46.Bd4 Be7+ 47.Kxh5 Bd1+ 48.Kg6 Bh4 49.Kf5 f3
50.Nd6+ Kc7 51.Ne4 Bc2 52.Kf4 f2 53.Bxf2 Bxe4 54.Kxe4 Bxf2 55.Kd5 Kb6 56.b4 Be1
57.a3 Bd2 58.Kd6 Bf4+ 59.Kd7 Be3 60.a4 Bf2 61.a5+ Ka6 62.c5 Be1 63.c6 Bxb4
64.c7  1-0

[Event "Krasnodar op"]
[Site "Krasnodar"]
[Date "1997.??.??"]
[Round "?"]
[White "Maiorov, Oleg"]
[Black "Rashkovsky, Nukhim N"]
[Result "1/2-1/2"]
[WhiteElo "2435"]
[BlackElo "2525"]

1.e4 g6 2.d4 Bg7 3.Nc3 d6 4.Nf3 c6 5.a4 a5 6.Bc4 Na6 7.O-O Nc7 8.h3 d5 9.exd5 cxd5
10.Bd3 Nf6 11.Bf4 O-O 12.Re1 Bf5 13.Be5 Bxd3 14.Qxd3 e6 15.Nb5 Nfe8 16.b3 Na6  1/2-1/2

[Event "Krasnodar op"]
[Site "Krasnodar"]
[Date "1997.??.??"]
[Round "?"]
[White "Gelman, Alexander"]
[Black "Semenov, Valeri"]
[Result "1-0"]
[WhiteElo "2415"]
[BlackElo "2335"]

1.e4 g6 2.d4 Bg7 3.Nc3 d6 4.h3 Nf6 5.Be3 c6 6.a4 a5 7.g4 h5 8.g5 Ng8 9.d5 e6
10.dxe6 Bxe6 11.f4 Ne7 12.Bd4 O-O 13.Bxg7 Kxg7 14.Qd4+ Kg8 15.O-O-O Nc8 16.Nf3 Nd7
17.Rg1 Qb6 18.f5 gxf5 19.g6 Qxd4 20.Nxd4 f4 21.Nce2 c5 22.Nb5 Bc4 23.Nxf4 Bxf1
24.gxf7+ Kh7 25.Rdxf1 Rxf7 26.Nc7 Rb8 27.Nce6 Rf6  1-0

[Event "Krasnodar op"]
[Site "Krasnodar"]
[Date "1997.??.??"]
[Round "?"]
[White "Shakhov, Aleksandr E"]
[Black "Gelman, Alexander"]
[Result "0-1"]
[WhiteElo "2200"]
[BlackElo "2415"]

1.e4 d6 2.d4 g6 3.Nc3 Bg7 4.Nf3 Nf6 5.Be2 O-O 6.O-O c6 7.a4 Nbd7 8.e5 Ne8
9.Bg5 f6 10.exf6 exf6 11.Bf4 d5 12.Re1 Rf7 13.Bd3 Nf8 14.h3 Ne6 15.Bg3 Bh6
16.Ne2 Nd6 17.b3 b6 18.c4 Ne4 19.Bh2 Re7 20.Qc2 a6 21.a5 b5 22.Nc3 Nxc3 23.Qxc3 Raa7
24.cxd5 cxd5 25.Bf1 Kg7 26.Ra2 Nf4 27.Rxe7+ Rxe7 28.Ne1 Bf5 29.g4 Rc7 30.Qg3 Bb1
31.Ra1 Rc1 32.f3 Qe7  0-1

[Event "RUS-Cup6"]
[Site "Krasnodar"]
[Date "1997.??.??"]
[Round "5"]
[White "Maiorov, Oleg"]
[Black "Zakharov, Alexander V"]
[Result "1-0"]
[WhiteElo "2435"]
[BlackElo "2375"]

1.e4 g6 2.d4 Bg7 3.Nc3 d6 4.Be3 c6 5.a4 Nf6 6.f3 O-O 7.Qd2 e5 8.Bc4 exd4
9.Bxd4 d5 10.exd5 cxd5 11.Bb3 Nc6 12.Nge2 Nxd4 13.Nxd4 Re8+ 14.Nce2 Qb6 15.c3 Bd7
16.O-O a5 17.Kh1 Re5 18.Rae1 Rae8 19.Nc1 Bh6 20.Qd1 Be3 21.Nce2 Kg7 22.h3 Qd6
23.Nc2 Bxh3 24.f4 Rh5 25.Ng3 Rh4 26.gxh3 Bxf4 27.Rxf4 Qxf4 28.Kg2 Rxe1 29.Qxe1 Nh5
30.Qe3 d4 31.Qxd4+ Qf6 32.Nxh5+ Rxh5 33.Qxf6+ Kxf6 34.Ne3 Rc5 35.Bd5 b5 36.axb5 Rxb5
37.b3 h5 38.Kf3 Ke7  1-0

[Event "RUS-Cup7"]
[Site "Kstovo"]
[Date "1997.??.??"]
[Round "2"]
[White "Lobzhanidze, Davit"]
[Black "Bitman, Alexander R"]
[Result "1-0"]
[WhiteElo "2375"]
[BlackElo "2250"]

1.e4 g6 2.d4 Bg7 3.Nc3 d6 4.f4 Nf6 5.Nf3 O-O 6.Bd3 Na6 7.O-O c5 8.d5 Bg4
9.Bc4 Nd7 10.h3 Bxf3 11.Qxf3 Qa5 12.Nb5 Nc7 13.Nxc7 Qxc7 14.a4 a6 15.c3 Nb6
16.Be2 Nc8 17.g4 Nb6 18.h4 Kh8 19.h5 gxh5 20.g5 h4 21.Qh5 f5 22.a5 Nd7 23.exf5 c4
24.Be3 Rxf5 25.Rad1 Qxa5 26.Bg4 Nf6 27.gxf6 Rxh5 28.fxg7+ Kxg7 29.Bxh5 Kh6
30.Bf7 Kg7 31.Be6 Qb5 32.Rd2 Rf8 33.Rg2+  1-0

[Event "RUS-Cup7"]
[Site "Kstovo"]
[Date "1997.??.??"]
[Round "2"]
[White "Riazanov, Vladimir"]
[Black "Novgorodskij, Vladimir"]
[Result "0-1"]
[WhiteElo "2300"]
[BlackElo "2390"]

1.d4 d6 2.e4 g6 3.Nc3 Bg7 4.Be2 c6 5.Nf3 Nf6 6.O-O O-O 7.Bg5 Qc7 8.h3 b5
9.a3 Nbd7 10.Re1 a6 11.Bf1 Nb6 12.a4 b4 13.a5 Nbd7 14.Nb1 h6 15.Bc1 e5 16.c3 exd4
17.cxd4 Re8 18.Nbd2 Bb7 19.Qb3 c5 20.d5 Re7 21.Bd3 Rae8 22.Re3 g5 23.g4 Nf8
24.Qc4 Ng6 25.Bf1 Nf4 26.Bg2 Nxe4 27.Rxe4 Rxe4 28.Nxe4 Bxd5 29.Qxa6 Nxg2
30.Qxd6 Qxd6 31.Nxd6 Rd8 32.Nxf7 Kxf7 33.Kxg2 Kg6 34.Kg3 Rf8 35.Ne1 Be5+
36.f4 gxf4+ 37.Kf2 Bd4+ 38.Ke2 f3+ 39.Nxf3 Bxf3+ 40.Kd3 Rd8  0-1

[Event "RUS-Cup7"]
[Site "Kstovo"]
[Date "1997.??.??"]
[Round "3"]
[White "Yagupova, Lola"]
[Black "Riazanov, Vladimir"]
[Result "0-1"]
[WhiteElo "2180"]
[BlackElo "2300"]

1.e4 g6 2.d4 Bg7 3.Nc3 d6 4.Be3 c6 5.Qd2 Qb6 6.O-O-O Nd7 7.f3 Qa5 8.h4 h5
9.f4 b5 10.e5 b4 11.Nb1 Qxa2 12.Qxb4 Rb8 13.Qc3 Nh6 14.Bc4 Qa1 15.exd6 exd6
16.Nf3 O-O 17.Rhe1 Nf5 18.Bf2 Nb6 19.Bb3 c5 20.Kd2 cxd4 21.Nxd4 Na4 22.Bxa4 Qxa4
23.b3 Qa2 24.Kc1 Bd7 25.Qb2 Qa5 26.Qa3 Qc7 27.Rd2 Rfc8 28.c4 d5 29.Nxf5 Bxf5
30.Rxd5 Qxf4+ 31.Be3 Qe4 32.Rd2 Qxb1+  0-1

[Event "RUS-Cup7"]
[Site "Kstovo"]
[Date "1997.??.??"]
[Round "6"]
[White "Lobzhanidze, Davit"]
[Black "Sichinava, Roman"]
[Result "1/2-1/2"]
[WhiteElo "2375"]
[BlackElo "2465"]

1.d4 d6 2.e4 g6 3.Nc3 Bg7 4.f4 c6 5.Nf3 Bg4 6.Be3 d5 7.e5 Qb6 8.Rb1 Nh6 9.Be2 Nf5
10.Bf2 h5 11.b4 e6 12.O-O Nd7 13.Qd3 Qc7 14.a4 a5 15.b5 Bf8 16.bxc6 bxc6
17.Rb3 Be7 18.Rfb1 O-O 19.h3 Bxf3 20.Qxf3 h4 21.Bd3 Rfb8 22.Qe2 Rb4 23.Bxf5 exf5
24.e6 Nf8 25.exf7+ Kxf7 26.Na2 Rxb3 27.Rxb3 Ne6 28.Nc1 Nxf4 29.Qf3 Rb8 30.Rxb8 Qxb8
31.Nb3 Ne6 32.Qc3 Qb7 33.Qe1 Bb4 34.Qe3 Qe7 35.c3 Bd6 36.Nxa5 Qc7 37.Nb3 Qb6
38.Nd2 Qa5 39.Bxh4 Qxa4 40.Nf3 Qd1+ 41.Qe1 Qxe1+ 42.Bxe1 g5 43.Kf2 Kf6 44.Bd2 g4
45.hxg4 fxg4 46.Ne1 Kf5 47.Nd3 Ke4 48.Ke2 g3 49.Bh6 Nc7 50.Bd2 Ne8 51.Be1 Ng7
52.Bd2 Ne6  1/2-1/2

[Event "Gran Canaria op"]
[Site "Las Palmas"]
[Date "1997.??.??"]
[Round "?"]
[White "Bojkovic, Natasa"]
[Black "Tischbierek, Raj"]
[Result "0-1"]
[WhiteElo "2415"]
[BlackElo "2515"]

1.e4 g6 2.d4 d6 3.Nc3 Bg7 4.Be3 Nf6 5.h3 O-O 6.Nf3 a6 7.a4 b6 8.Bd3 Nc6 9.O-O e5
10.dxe5 dxe5 11.Qc1 Nh5 12.Bg5 Qd6 13.Nd5 f6 14.Be3 f5 15.Bg5 Be6 16.Bc4 fxe4
17.Rd1 Nd4 18.Be7 Qd7 19.Nxd4 exd4 20.Bxf8 Rxf8 21.Qg5 Kh8 22.Re1 Rf5 23.Qe7 Qxe7
24.Nxe7 Bxc4 25.Nxf5 gxf5 26.g4 Nf4 27.gxf5 Bd5 28.Ra3 Kg8 29.Rg3 Kf7 30.Rg4 Be5
31.c4 dxc3 32.bxc3 Nxh3+ 33.Kf1 Kf6 34.Rh4 Ng5 35.Rd1 c6 36.Rh6+ Kxf5 37.Ke2 Bxc3
38.Ke3 Be5 39.Rb1 Bf4+ 40.Ke2 b5 41.axb5 axb5  0-1

[Event "US-op"]
[Site "Las Vegas"]
[Date "1997.??.??"]
[Round "4"]
[White "Schittko, S."]
[Black "Kernan, DJ."]
[Result "0-1"]
[WhiteElo "2150"]
[BlackElo "2325"]

1.e4 g6 2.d4 Bg7 3.Nc3 d6 4.Bc4 c6 5.Qf3 e6 6.Nge2 Nd7 7.Bf4 Qe7 8.Bb3 e5
9.dxe5 dxe5 10.Bg5 Ngf6 11.O-O-O Nc5 12.h3 a5 13.Bc4 O-O 14.g4 Be6 15.Bxe6 Nxe6
16.Be3 b5 17.Rdg1 Rfd8 18.h4 Nd4 19.Qg2 b4 20.Bxd4 exd4 21.Nd1 Nxe4 22.Nf4 d3
23.Nxd3 Rxd3 24.cxd3 Qc5+  0-1

[Event "Lazne Bohdanec-B"]
[Site "Lazne Bohdanec"]
[Date "1997.??.??"]
[Round "?"]
[White "Svobodova, Michaela"]
[Black "Karnik, Pavel"]
[Result "1/2-1/2"]
[WhiteElo "2205"]
[BlackElo "2275"]

1.e4 g6 2.d4 Bg7 3.Nc3 d6 4.f4 Nf6 5.Nf3 c6 6.e5 Nd5 7.Nxd5 cxd5 8.c3 Nc6
9.Bd3 dxe5 10.fxe5 Qb6 11.Qb3 Qxb3 12.axb3 Bf5 13.Ke2 Bxd3+ 14.Kxd3 h6 15.Be3 O-O
16.b4 a6 17.Nd2 f6 18.exf6 exf6 19.Bf4 g5 20.Bd6 Rfe8 21.g4 Re6 22.Bg3 Rae8
23.Rhe1 Kf7 24.Rxe6 Rxe6 25.Nb3 Bf8 26.Na5 Nxa5 27.Rxa5 b5 28.Ra1 h5 29.gxh5 f5
30.Be5 Rh6 31.Rf1 Ke6 32.Ra1 Ke7 33.Rf1 f4 34.h4 gxh4 35.Rxf4 Rxh5 36.Bf6+ Ke6
37.Bxh4 Bd6 38.Rf6+ Kd7 39.Be1 Rh3+ 40.Kc2 Rh2+ 41.Kb3 Rh1 42.Bd2 Rh4 43.Rf7+ Kc6
44.Bg5 Rh8 45.Rg7 Re8 46.Bf6 Re6 47.Bd8 Re2 48.Ra7 Bf4 49.Rxa6+ Kd7 50.Bb6 Bc1
51.Ra2 Kc6 52.Bc5 Rg2 53.Ra6+ Kc7 54.Ka2 Bxb2 55.Rb6 Bxc3+ 56.Kb3 Rg3 57.Kc2 Bxb4
58.Rxb5 Bxc5 59.Rxc5+ Kd6 60.Ra5 Rh3  1/2-1/2